Pohostinství a cestovní ruch

Saved in:
Bibliographic Details
Format: Serial
Language:Czech
Published: Praha Merkur 1991
Subjects:
Tags: Add Tag
No Tags, Be the first to tag this record!

MARC

LEADER 00000nas2a2200000 4500
001 s015287
005 20180117152323.8
041 0 |a cze 
044 |a CZ 
245 1 0 |a Pohostinství a cestovní ruch 
264 1 |a Praha  |b Merkur  |c 1991 
300 |a 1 zv. 
773 0 |w eu_un_cat*s121008 
610 2 0 |a pohostinstvo 
610 2 0 |a ruch cestovný